zpět

Detail výsledku týmu

Le fakap - Vypich, Praha

Datum a čas kvízu

18.5 Celkem bodů Celkový počet nahraných bodů na tomto kvízu bez doplňovacích otázek.
6. Pořadí na kvízu Konečné umístění týmu na tomto kvízu.

Zaznamenané odpovědi

# Otázka Odpověď Body Výsledky
1. Až v americké Atlantě skončily... Benešovi 0
2. Dosavadní japonský císař Akihi... Naruhito 0
3. Johnny Galecki a Alaina Mayero... Leonard Hofstadter 1
4. Vedení jisté evropské metropol... Amsterdam 0
5. Tepličtí fotbalisté minulý týd... FK Mladá Boleslav 0
6. Jelikož minulý týden uplynulo... Polsko 1
7. V celkem kolika státech EU (vč... v sedmi státech 0
8. Která ze členských zemí EU má... Švédsko 0
9. Které tři státy EU mají nejmen... Kypr, Lucembursko, Malta 0
10. V roce 1986 rozšířily Evropská... Španělsko a Portugalsko 1